[Event "Women's Speed Chess Q1"]
[Site "chess.com INT"]
[Date "2020.06.18"]
[Round "5"]
[White "Ovezdurdiyeva, Jemal"]
[Black "Tereladze, Sopiko"]
[Result "1-0"]
[WhiteTitle "WFM"]
[BlackTitle "WIM"]
[WhiteElo "2061"]
[BlackElo "2141"]
[WhiteFideId "14001888"]
[BlackFideId "13600486"]
[EventDate "2020.06.18"]

1. d4 Nf6 2. c4 e6 3. Nc3 Bb4 4. e3 Bxc3+ 5. bxc3 Nc6 6. Bd3 d6 7. Ne2 e5 8. O-O
Qe7 9. e4 O-O 10. f3 b6 11. Be3 Na5 12. Ng3 Be6 13. Qe2 Rfe8 14. Rae1 Rab8 15.
h3 c6 16. f4 exf4 17. Bxf4 Rbd8 18. Bg5 Qf8 19. Bxf6 gxf6 20. Nh5 Kh8 21. Nxf6
Re7 22. Qh5 Qg7 23. e5 h6 24. exd6 Rxd6 25. d5 Bxd5 26. cxd5 Rxe1 27. Rxe1 Qxf6
28. Rf1 Rxd5 29. Qe2 Qe6 30. Qf3 Re5 31. Qf4 c5 32. Kh2 Nc6 33. Bc2 Re2 34. Bb3
Qe5 35. Bxf7 Qxf4+ 36. Rxf4 Kg7 37. Bd5 Ne5 38. Rf5 Kg6 39. Rf8 Nd3 40. Rg8+ Kf6
41. Ra8 Nc1 42. Rxa7 Ke5 43. Bg8 Kd6 44. Rb7 Kc6 45. Rh7 Nxa2 46. Rxh6+ Kb5 47.
Rh4 Rc2 48. c4+ Kb4 49. Rh6 Ka5 50. h4 Nc3 51. h5 Ne4 52. Rg6 1-0

[Event "Women's Speed Chess Q1"]
[Site "chess.com INT"]
[Date "2020.06.18"]
[Round "5"]
[White "Muminova, Nafisa"]
[Black "Nurmanova, Alua"]
[Result "1-0"]
[WhiteTitle "WGM"]
[BlackTitle "WFM"]
[WhiteElo "2274"]
[BlackElo "2026"]
[WhiteFideId "14201526"]
[BlackFideId "13729390"]
[EventDate "2020.06.18"]

1. e4 c5 2. Nf3 d6 3. d4 cxd4 4. Nxd4 Nf6 5. Nc3 a6 6. Nb3 e6 7. g4 b5 8. g5 b4
9. gxf6 bxc3 10. Qd4 Qxf6 11. bxc3 Nc6 12. Qxf6 gxf6 13. Bd2 Bb7 14. Bd3 Ne5 15.
f4 Nf3+ 16. Ke2 Nxd2 17. Kxd2 Bh6 18. Rhf1 e5 19. Ke3 Bxf4+ 20. Rxf4 exf4+ 21.
Kxf4 Rg8 22. Nd4 Bc8 23. Rb1 Bd7 24. Rb6 Ke7 25. Rb7 Rgb8 26. Nf5+ Kd8 27. Nxd6
Rxb7 28. Nxb7+ Kc7 29. Nc5 Be6 30. Nxa6+ Kd6 31. Nb4 Bxa2 32. Kf5 Ke7 33. Nc6+
Kd6 34. Nb4 Ke7 35. c4 Ra4 36. Nd5+ Kf8 37. Nxf6 Bxc4 38. Nxh7+ Kg7 39. Nf6 Bxd3
40. cxd3 Rd4 41. Nh5+ Kf8 42. Nf4 Rd6 43. h4 Ke7 44. Nd5+ Kf8 45. h5 Kg7 46. Nf4
Rh6 47. e5 Rc6 48. d4 Rc4 49. d5 Rc5 50. d6 Rc4 51. Kg5 Rd4 52. h6+ Kf8 53. Nh5
Rd5 54. h7 Rxe5+ 55. Kg4 Rxh5 56. Kxh5 Kg7 57. d7 Kxh7 58. d8=Q Kg7 59. Kg5 Kh7
60. Kf6 Kh6 61. Qh8# 1-0

[Event "Women's Speed Chess Q1"]
[Site "chess.com INT"]
[Date "2020.06.18"]
[Round "5"]
[White "Lahav, Michal"]
[Black "Arakhamia-Grant, Ketevan"]
[Result "1-0"]
[WhiteTitle "WIM"]
[BlackTitle "GM"]
[WhiteElo "2219"]
[BlackElo "2380"]
[WhiteFideId "2813742"]
[BlackFideId "13600168"]
[EventDate "2020.06.18"]

1. e4 c5 2. Nf3 Nc6 3. c3 d5 4. exd5 Qxd5 5. d4 Nf6 6. Be2 e6 7. O-O Be7 8. c4
Qd8 9. dxc5 Qxd1 10. Rxd1 Bxc5 11. Nc3 O-O 12. Bg5 Be7 13. Nb5 b6 14. Bf4 Bb7
15. Nd6 Ba6 16. b3 Rad8 17. Nb5 Bb7 18. Bc7 Rc8 19. Bd6 Rfd8 20. Bxe7 Nxe7 21.
Nd6 Bxf3 22. Nxc8 Rxc8 23. Bxf3 h6 24. Rd2 g5 25. h3 Kg7 26. Rad1 Ng6 27. Re1 h5
28. g3 g4 29. hxg4 hxg4 30. Be4 Rc5 31. Bxg6 Kxg6 32. Kg2 b5 33. cxb5 Rxb5 34.
Rd4 a5 35. Rc1 Re5 36. Rcc4 Re2 37. Ra4 e5 38. Rxg4+ Nxg4 39. Rxg4+ Kf5 40. Ra4
e4 41. Rxa5+ Kg4 42. Kf1 Rc2 43. a4 f5 44. Rb5 f4 45. gxf4 Kf3 46. Ke1 Rxf2 47.
f5 Rh2 48. f6 Rh1+ 49. Kd2 e3+ 50. Kd3 Rd1+ 51. Kc2 e2 52. Re5 Rd7 53. b4 Kf2
54. b5 e1=Q 55. Rxe1 Kxe1 56. a5 Ke2 57. Kc3 Ke3 58. Kc4 Ke4 59. Kc5 Ke5 60. Kc6
Rd6+ 61. Kc7 Rxf6 62. b6 Kd5 63. b7 Rf7+ 64. Kb6 1-0

[Event "Women's Speed Chess Q1"]
[Site "chess.com INT"]
[Date "2020.06.18"]
[Round "5"]
[White "Babiy, Olga"]
[Black "Li, Xueyi"]
[Result "0-1"]
[WhiteTitle "WGM"]
[BlackTitle "WGM"]
[WhiteElo "2228"]
[BlackElo "2328"]
[WhiteFideId "14117258"]
[BlackFideId "8605912"]
[EventDate "2020.06.18"]

1. e4 c6 2. d4 d5 3. exd5 cxd5 4. Bd3 Nc6 5. c3 Nf6 6. Bf4 g6 7. Nf3 Bg7 8. h3
O-O 9. O-O Nh5 10. Bh2 Bh6 11. Re1 Nf4 12. Bf1 Ne6 13. Nbd2 Ng7 14. Ne5 Nxe5 15.
Bxe5 Nf5 16. Nf3 Nd6 17. Bd3 a6 18. a4 Nc4 19. Qe2 Nxe5 20. Nxe5 Bg7 21. Nf3 Re8
22. Qd2 Bd7 23. Re2 b5 24. axb5 Bxb5 25. Rae1 Bxd3 26. Qxd3 a5 27. Qb5 Rb8 28.
Qa4 e6 29. Ra1 Ra8 30. Nd2 Re7 31. Nb3 Rea7 32. Nc5 Bf8 33. Nd3 Bd6 34. b3 Qb6
35. Rea2 Rb7 36. b4 Qa6 37. Nc5 Bxc5 38. dxc5 Qc4 39. c6 Rb6 40. bxa5 Rxc6 41.
Qxc4 Rxc4 42. Ra3 Ra6 43. Kf1 Kf8 44. Ke2 e5 45. Kd3 Rc5 46. f3 Ke7 47. R1a2 f5
48. Ra1 g5 49. g4 f4 50. R1a2 Kd6 51. Ra1 h6 52. R1a2 Rc7 53. Ra1 Re7 54. Re1
Kc5 55. Re2 Kd6 56. Re1 h5 57. Re2 Rh7 58. Rb2 hxg4 59. hxg4 Rh3 0-1

[Event "Women's Speed Chess Q1"]
[Site "chess.com INT"]
[Date "2020.06.18"]
[Round "5"]
[White "Vantika, Agrawal"]
[Black "Artemyeva, Olga"]
[Result "0-1"]
[WhiteTitle "WIM"]
[BlackTitle "WFM"]
[WhiteElo "2286"]
[BlackElo "2069"]
[WhiteFideId "25050389"]
[BlackFideId "4138422"]
[EventDate "2020.06.18"]

1. d4 d5 2. c4 c6 3. Nf3 Nf6 4. e3 Bg4 5. h3 Bh5 6. g4 Bg6 7. Ne5 Nbd7 8. Nxg6
hxg6 9. Nd2 e6 10. Bg2 Bb4 11. Qb3 Bxd2+ 12. Bxd2 Qb6 13. O-O-O Qxb3 14. axb3
Nb6 15. c5 Nbd7 16. Kc2 Ne4 17. Be1 f5 18. f3 Nef6 19. Bg3 Kf7 20. Bf4 b6 21. b4
a5 22. cxb6 Nxb6 23. bxa5 Rxa5 24. Ra1 Rxa1 25. Rxa1 Ra8 26. Rxa8 Nxa8 27. Kc3
Nb6 28. Bf1 Nfd7 29. Kb4 Ke7 30. Ba6 e5 31. dxe5 Ke6 32. b3 Nxe5 33. Bxe5 Kxe5
34. Kc5 Nd7+ 35. Kxc6 Nb8+ 36. Kb7 Nxa6 37. Kxa6 f4 38. exf4+ Kxf4 39. b4 d4 40.
b5 d3 41. b6 d2 42. b7 d1=Q 43. b8=Q+ Kxf3 44. Qb7+ Kg3 45. Qxg7 Qd3+ 46. Kb6
Kxh3 47. g5 Kg4 48. Qf6 Qe3+ 49. Kc6 Qxg5 50. Qd4+ Qf4 51. Qg1+ Kf5 52. Kd5 Qe4+
53. Kc5 Qe5+ 54. Kc4 g5 55. Qf2+ Qf4+ 56. Qxf4+ Kxf4 57. Kd3 Kf3 58. Kd2 g4 59.
Ke1 Kg2 60. Ke2 g3 61. Ke1 Kg1 62. Ke2 g2 63. Ke1 Kh2 64. Kf2 g1=Q+ 65. Kf3 0-1

[Event "Women's Speed Chess Q1"]
[Site "chess.com INT"]
[Date "2020.06.18"]
[Round "5"]
[White "Balabayeva, Xeniya"]
[Black "Antolak, Julia"]
[Result "1/2-1/2"]
[WhiteTitle "WFM"]
[BlackTitle "WIM"]
[WhiteElo "2146"]
[BlackElo "2323"]
[WhiteFideId "13719688"]
[BlackFideId "1159569"]
[EventDate "2020.06.18"]

1. e4 c5 2. Nf3 e6 3. d4 cxd4 4. Nxd4 Nf6 5. Nc3 d6 6. Be3 a6 7. Qd2 b5 8. a3
Nbd7 9. Be2 Bb7 10. f3 h5 11. O-O Qc7 12. Rad1 Nb6 13. Kh1 Nfd7 14. Ndxb5 axb5
15. Nxb5 Qc6 16. Nd4 Qc8 17. Bb5 Nc4 18. Qe2 Nxe3 19. Qxe3 Be7 20. Rfe1 O-O 21.
f4 Nc5 22. Bd3 Nxd3 23. Rxd3 Bf6 24. e5 dxe5 25. fxe5 Be7 26. Qh3 g6 27. Rg3 Kh7
28. Rc3 Qd7 29. Rd3 Qc7 30. c3 Rad8 31. Qg3 Qb6 32. Qf2 Bc5 33. Red1 Bxd4 34.
Rxd4 Rxd4 35. Rxd4 Qc5 36. Qe2 Kg8 37. h3 Bd5 38. Qe3 Rb8 39. b4 Qc6 40. Qd2 Ra8
41. Qc1 Bxg2+ 42. Kh2 Bd5 43. c4 Qc7 44. Qf4 Bb7 45. Qf6 Qc6 46. Qf2 Qh1+ 47.
Kg3 Rxa3+ 48. Kh4 Qxh3+ 49. Kg5 Qe3+ 50. Qxe3 Rxe3 51. b5 Rxe5+ 52. Kf6 Rc5 53.
Rd7 Be4 54. Rd8+ Kh7 55. Rd4 Bf5 56. Kxf7 Kh6 57. Kf6 Bd3 58. Rxd3 Rxc4 59. Rd8
Kh7 60. b6 Rb4 61. Rd7+ Kh6 62. Rd8 Kh7 63. Rd7+ Kh6 64. Rd8 Kh7 1/2-1/2

[Event "Women's Speed Chess Q1"]
[Site "chess.com INT"]
[Date "2020.06.18"]
[Round "5"]
[White "Afonasieva, Anna"]
[Black "Zvereva, Margarita"]
[Result "1-0"]
[WhiteTitle "WIM"]
[BlackTitle "WFM"]
[WhiteElo "2274"]
[BlackElo "1929"]
[WhiteFideId "24173606"]
[BlackFideId "34177741"]
[EventDate "2020.06.18"]

1. d4 d5 2. Bf4 e6 3. e3 Bd6 4. Bg3 Nf6 5. Nf3 c5 6. c3 Qc7 7. dxc5 Bxg3 8. hxg3
Qxc5 9. Nbd2 Nbd7 10. Bd3 e5 11. e4 dxe4 12. Bxe4 O-O 13. Qe2 Nxe4 14. Nxe4 Qb6
15. Rd1 h6 16. Rd6 Qa5 17. Qd2 Qxa2 18. Rdxh6 Qb1+ 19. Ke2 Qxe4+ 20. Kd1 gxh6
21. Qxh6 f6 22. Rh4 Qb1+ 23. Ke2 Kf7 24. Rg4 Ke6 25. Rg7 Qc2+ 26. Nd2 Kd5 27.
Qe3 Kc6 28. Re7 Nc5 29. b4 Qd3+ 30. Qxd3 Nxd3 31. Kxd3 Bf5+ 32. Ke3 Rad8 33. c4
Rd3+ 34. Ke2 Rfd8 35. b5+ Kb6 36. Nf3 Bg4 37. Rf7 Bxf3+ 38. gxf3 Rd2+ 39. Kf1
Rb2 40. Rxf6+ Kc5 41. Rf7 Kxc4 42. Rxb7 Rxb5 43. Rxa7 Rb1+ 44. Kg2 Rd2 45. Rc7+
Kd3 46. Rd7+ Ke2 47. Re7 Rd5 48. f4 Rbb5 49. f5 Kd3 50. f6 e4 51. g4 Rd8 52. Kg3
Rf8 53. f7 Rbb8 54. Kf4 Kd4 55. Rd7+ Kc5 56. g5 Rb6 57. Kf5 Rd6 58. Rxd6 Kxd6
59. g6 Ke7 60. Kg5 Ke6 61. g7 Kxf7 62. gxf8=Q+ Kxf8 63. Kf5 Kf7 64. Kxe4 Ke6 65.
Kf4 Kf6 66. f3 Ke6 67. Kg5 Kf7 68. Kf5 Ke7 69. Kg6 Kf8 70. Kf6 Ke8 71. f4 Kf8
72. f5 Kg8 73. Ke7 Kg7 74. f6+ 1-0

[Event "Women's Speed Chess Q1"]
[Site "chess.com INT"]
[Date "2020.06.18"]
[Round "5"]
[White "Khomeriki, Nino"]
[Black "Shafigullina, Zarina"]
[Result "1-0"]
[WhiteTitle "WGM"]
[BlackTitle "WFM"]
[WhiteElo "2319"]
[BlackElo "2296"]
[WhiteFideId "13603191"]
[BlackFideId "24174220"]
[EventDate "2020.06.18"]

1. d4 Nf6 2. c4 e6 3. Nf3 b6 4. g3 Ba6 5. b3 Bb4+ 6. Bd2 Be7 7. Nc3 d5 8. cxd5
exd5 9. Bg2 O-O 10. O-O Nbd7 11. Qc2 Rc8 12. Ne5 c5 13. Nxd7 Qxd7 14. dxc5 bxc5
15. Rfe1 d4 16. Nd1 Bb7 17. Bxb7 Qxb7 18. Nb2 Ne4 19. Nc4 Nd6 20. Bf4 Qd5 21.
Rac1 Nb7 22. Red1 Nd8 23. Ne3 Qh5 24. Qf5 Qxf5 25. Nxf5 Bf6 26. Bd6 Re8 27. Kf1
Nb7 28. Bf4 Rcd8 29. Rc4 Rd5 30. Ne3 Rdd8 31. Ng4 Be7 32. Ne5 Rc8 33. Nd3 Red8
34. Rdc1 Rd5 35. Ra4 a5 36. Nb2 g5 37. Bd2 Bd8 38. Nc4 Ra8 39. Nb2 Bc7 40. Nd3
Bb6 41. Rac4 Ra7 42. Ra4 Ra6 43. Nb2 Ra8 44. Nc4 Bd8 45. Na3 Bc7 46. Nb5 Bb6 47.
Rac4 Nd6 48. Nxd6 Rxd6 49. Bxg5 Rd5 50. Bd2 Kg7 51. h4 Kf6 52. Kg2 Ke6 53. e3 f5
54. exd4 Rc8 55. dxc5 Rdxc5 56. Rxc5 Rxc5 57. Rxc5 Bxc5 58. Bxa5 Kd5 59. b4 Bd4
60. Kf3 Kc4 61. Kf4 Bxf2 62. a3 Be1 63. Bc7 Bf2 64. Kxf5 Kc3 65. b5 Kb3 66. b6
Kxa3 67. b7 Ba7 68. b8=Q Bxb8 69. Bxb8 Kb3 70. g4 1-0

[Event "Women's Speed Chess Q1"]
[Site "chess.com INT"]
[Date "2020.06.18"]
[Round "5"]
[White "Maklakova, Nellija"]
[Black "Injac, Teodora"]
[Result "0-1"]
[BlackTitle "WIM"]
[WhiteElo "1833"]
[BlackElo "2286"]
[WhiteFideId "11603470"]
[BlackFideId "932400"]
[EventDate "2020.06.18"]

1. c4 Nf6 2. d4 g6 3. Nc3 Bg7 4. e4 d6 5. Bg5 O-O 6. Qd2 c5 7. Nf3 Qa5 8. h4
cxd4 9. Nxd4 Nxe4 10. Nxe4 Qxd2+ 11. Kxd2 Bxd4 12. Bxe7 Bxb2 13. Bxf8 Bxa1 14.
Bxd6 Nc6 15. Bd3 Bd4 16. Bc5 Bf5 17. Bxd4 Nxd4 18. Nd6 Rd8 19. Nxf5 Nxf5 20. Kc3
Ng7 21. Rb1 Rd7 22. g4 Ne6 23. f3 Nc5 24. Bf1 Kg7 25. Re1 h6 26. f4 Kf8 27. Re5
b6 28. Rd5 Ke7 29. Rxd7+ Kxd7 30. Kd4 Ke6 31. Bg2 Kd6 32. Bf3 f6 33. g5 hxg5 34.
fxg5 fxg5 35. hxg5 Ne6+ 36. Ke3 Nxg5 37. Bd5 Ke5 38. Bg8 Ne6 39. a3 g5 40. Bf7
Nc5 41. Bg6 Kf6 42. Be8 Kf5 43. Bh5 g4 44. Be8 Kg5 45. Bc6 Kh4 46. Kf4 g3 47.
Bg2 Nd3+ 48. Ke3 Ne1 49. Bd5 Kh3 50. Ke2 Nc2 51. a4 Kh2 52. Kf1 Ne3+ 53. Ke2
Nxd5 54. Kd3 g2 55. Kd4 g1=Q+ 56. Kxd5 Qd1+ 57. Kc6 Kg3 58. Kb5 Qb3+ 59. Ka6
Qxa4+ 60. Kb7 Qxc4 0-1

[Event "Women's Speed Chess Q1"]
[Site "chess.com INT"]
[Date "2020.06.18"]
[Round "5"]
[White "Kairbekova, Amina"]
[Black "Vovk, Anastasiia"]
[Result "0-1"]
[WhiteTitle "WFM"]
[BlackTitle "WGM"]
[WhiteElo "2065"]
[BlackElo "2076"]
[WhiteFideId "13712799"]
[BlackFideId "14110563"]
[EventDate "2020.06.18"]

1. e4 c6 2. d4 d5 3. Nd2 dxe4 4. Nxe4 Nd7 5. Ng5 Ngf6 6. Bd3 e6 7. N1f3 Bd6 8.
Qe2 h6 9. Ne4 Nxe4 10. Qxe4 Nf6 11. Qe2 b6 12. Bd2 Bb7 13. O-O-O Qc7 14. Kb1
O-O-O 15. c3 c5 16. dxc5 Qxc5 17. Bc2 Kb8 18. Be3 Qc7 19. g3 Nd5 20. Bc1 Qe7 21.
Rhe1 Qf6 22. Nd4 Rc8 23. c4 Nb4 24. Nb5 Bc5 25. Bf4+ Ka8 26. Nc7+ Rxc7 27. Bxc7
Nxc2 28. Qxc2 Qe7 29. Bf4 Rc8 30. Be3 Bb4 31. Bd2 Bc5 32. Bc3 f5 33. Ka1 g5 34.
a3 a5 35. b4 axb4 36. axb4 Bxb4 37. Qa4+ Ba5 38. Bxa5 bxa5 39. Qxa5+ Kb8 40. Rc1
Rc6 41. Kb1 Ra6 42. Qb5 Qa3 43. Qb2 Qd6 44. Red1 Qc7 45. c5 Ka7 46. Rc3 Be4+ 47.
Kc1 Rc6 48. Rd4 Rxc5 49. Ra4+ Ra5 50. Rxa5+ Qxa5 51. Ra3 Ka6 52. Rxa5+ Kxa5 53.
Qe5+ Bd5 54. Qxe6 Bxe6 55. Kd2 Kb4 56. Ke3 Kc3 57. h4 Bd5 58. hxg5 hxg5 59. g4
f4+ 60. Ke2 Kc2 61. Kf1 Bf3 62. Kg1 Bxg4 63. Kh2 Kd2 64. f3 Bxf3 65. Kh3 g4+ 66.
Kh4 g3 67. Kh3 g2 68. Kh2 Ke2 69. Kg1 Be4 70. Kh2 Kf2 71. Kh3 g1=Q 72. Kh4 Qg3+
73. Kh5 Qg6+ 74. Kh4 Kf3 75. Kh3 Qg3# 0-1

[Event "Women's Speed Chess Q1"]
[Site "chess.com INT"]
[Date "2020.06.18"]
[Round "5"]
[White "Fuentes Inzunza, Lesly"]
[Black "Starosta, Martyna"]
[Result "0-1"]
[WhiteTitle "WFM"]
[BlackTitle "WCM"]
[WhiteElo "1840"]
[BlackElo "2079"]
[WhiteFideId "3408205"]
[BlackFideId "21818754"]
[EventDate "2020.06.18"]

1. d4 Nf6 2. Nf3 g6 3. Bf4 Bg7 4. e3 O-O 5. Be2 d6 6. h3 Nbd7 7. O-O Qe8 8. c4
e5 9. Bh2 Ne4 10. Nbd2 f5 11. d5 Ndf6 12. Qc2 a5 13. a3 a4 14. b4 b6 15. Rac1 h6
16. Nxe4 Nxe4 17. Bd3 Nf6 18. Nh4 e4 19. Be2 g5 20. Bg3 gxh4 21. Bxh4 Nd7 22.
Bg3 Ne5 23. Rfd1 Kh8 24. c5 bxc5 25. bxc5 Ba6 26. cxd6 cxd6 27. Bxa6 Rxa6 28.
Rb1 Kh7 29. Rb7 Rf7 30. Rdb1 Rxb7 31. Rxb7 Ra8 32. Qc7 Qf8 33. Bxe5 dxe5 34.
Qxe5 Re8 35. Qc7 Rc8 36. Qd7 Kh8 37. Qe6 Rc1+ 38. Kh2 Rc8 39. d6 f4 40. Qxe4
fxe3 41. Qxe3 Qxd6+ 42. g3 Qd4 43. Qf3 Rf8 44. Rf7 Rxf7 45. Qxf7 Qf6 46. Qe8+
Qf8 47. Qe3 Qf7 48. Kg2 Qb7+ 49. Kh2 Qf7 50. Kg2 Qb3 51. Qe8+ Kh7 52. Qe7 Qc4
53. g4 Qd5+ 54. Kg1 Qd1+ 55. Kg2 Qd5+ 56. Kg1 Qe5 57. Qxe5 Bxe5 58. Kf1 Bb2 59.
Ke2 Bxa3 60. Kd1 Bf8 61. Kc2 a3 62. Kb3 Kg6 63. f4 h5 64. gxh5+ Kxh5 65. f5 Kh4
66. f6 Kxh3 67. f7 Kg4 68. Ka2 Kg5 69. Kb3 Kf6 70. Ka2 Kxf7 71. Kb3 Ke6 72. Ka2
Kd5 73. Kb3 Kd4 74. Ka2 Kc4 75. Kb1 Kb3 76. Ka1 Bg7+ 77. Kb1 a2+ 78. Kc1 a1=Q+
79. Kd2 Qc3+ 80. Ke2 Kc4 0-1

[Event "Women's Speed Chess Q1"]
[Site "chess.com INT"]
[Date "2020.06.18"]
[Round "5"]
[White "Dordzhieva, Dinara"]
[Black "Kirchei, Viktoriia"]
[Result "0-1"]
[WhiteTitle "WIM"]
[BlackTitle "WFM"]
[WhiteElo "2354"]
[BlackElo "2207"]
[WhiteFideId "24157570"]
[BlackFideId "34133396"]
[EventDate "2020.06.18"]

1. Nf3 Nf6 2. c4 e6 3. g3 d5 4. Bg2 Be7 5. O-O O-O 6. d4 dxc4 7. Ne5 Nc6 8. Bxc6
bxc6 9. Nxc6 Qe8 10. Nxe7+ Qxe7 11. Qc2 e5 12. dxe5 Qxe5 13. Bf4 Qd5 14. Nc3 Qc6
15. Qa4 Qe6 16. f3 Qb6+ 17. Kg2 Be6 18. Rab1 Rfe8 19. Qb5 a6 20. Qxb6 cxb6 21.
Rfd1 b5 22. a3 Rad8 23. Bc7 Rc8 24. Bf4 Red8 25. e4 Rd3 26. Rxd3 cxd3 27. Rd1
Rd8 28. Kf2 Bb3 29. Rd2 Bc2 30. Nd1 Rc8 31. Nc3 Nd7 32. Bd6 Nb6 33. Nd5 Nc4 34.
Ne7+ Kh8 35. Rxd3 Rd8 36. Rc3 Ba4 37. Bf4 Nxb2 38. Nd5 Nc4 39. h4 h6 40. h5 Kh7
41. g4 a5 42. g5 Rc8 43. g6+ fxg6 44. hxg6+ Kh8 45. Kg3 Rd8 46. Rc1 Bb3 47. Bc7
Rc8 48. Bf4 Re8 49. Nc7 Rc8 50. Nxb5 Re8 51. Nd4 Ba2 52. Nf5 Nxa3 53. Be5 Rxe5
54. Ra1 Bg8 55. Rxa3 Rc5 56. Rd3 Rc4 57. Rd8 Rc7 58. Ra8 h5 59. Rxa5 Rc6 60. Kf4
Rxg6 61. Ra8 Kh7 62. e5 Be6 63. Ne7 Rh6 64. Kg5 h4 65. Ra1 h3 66. Rh1 h2 67. f4
Bd7 68. Nf5 Bc6 69. Nxh6 gxh6+ 70. Kg4 Bxh1 71. Kg3 Bd5 72. Kxh2 Kg6 73. Kg3 Kf5
74. Kh2 Kxf4 75. e6 Bxe6 76. Kg1 h5 77. Kh2 Kg4 78. Kg1 h4 79. Kh2 h3 80. Kg1
Kg3 81. Kf1 h2 82. Ke2 h1=Q 83. Ke3 Qf1 84. Kd4 Bd5 85. Kc5 Qf4 86. Kb6 Kf3 87.
Ka7 Ke3 88. Ka6 Kd4 89. Ka7 Kc5 90. Ka6 Qd6+ 91. Ka7 Qb6# 0-1

[Event "Women's Speed Chess Q1"]
[Site "chess.com INT"]
[Date "2020.06.18"]
[Round "6"]
[White "Buksa, Nataliya"]
[Black "Koridze, Lile"]
[Result "1-0"]
[WhiteTitle "IM"]
[BlackTitle "WFM"]
[WhiteElo "2410"]
[BlackElo "1996"]
[WhiteFideId "14123622"]
[BlackFideId "13612514"]
[EventDate "2020.06.18"]

1. d4 Nf6 2. Nc3 d5 3. Bf4 e6 4. e3 Be7 5. Nf3 O-O 6. Bd3 c5 7. dxc5 Bxc5 8. O-O
Nc6 9. e4 dxe4 10. Nxe4 Be7 11. c4 Nxe4 12. Bxe4 h6 13. Qxd8 Rxd8 14. Rad1 Bd7
15. Bc7 Be8 16. Bxd8 Rxd8 17. b3 Rc8 18. h3 Kf8 19. Nd4 Bf6 20. Nxc6 Bxc6 21.
Bxc6 Rxc6 22. Rd7 Rb6 23. Rfd1 Be5 24. g3 g5 25. Kg2 Kg7 26. Kf3 Bc3 27. Ke3 Kg6
28. f4 Bb4 29. Kf3 Ra6 30. Rxb7 Bc5 31. a4 Bf8 32. Rd8 1-0

[Event "Women's Speed Chess Q1"]
[Site "chess.com INT"]
[Date "2020.06.18"]
[Round "6"]
[White "Jakubowska, Anna"]
[Black "Munkhzul, Davaakhuu"]
[Result "0-1"]
[WhiteTitle "WIM"]
[BlackTitle "WFM"]
[WhiteElo "2073"]
[BlackElo "1991"]
[WhiteFideId "1121952"]
[BlackFideId "4902815"]
[EventDate "2020.06.18"]

1. e4 e5 2. Nc3 Nc6 3. g3 g6 4. Bg2 Bg7 5. Nge2 Nge7 6. O-O O-O 7. d3 d6 8. f4
Bg4 9. h3 Bxe2 10. Nxe2 d5 11. c3 dxe4 12. dxe4 Qxd1 13. Rxd1 exf4 14. gxf4 Rad8
15. Be3 a6 16. Ng3 Rxd1+ 17. Rxd1 Rd8 18. Rxd8+ Nxd8 19. e5 b6 20. Ne4 Nd5 21.
Bd2 Ne6 22. f5 gxf5 23. Ng3 Ne7 24. Bg5 Nxg5 0-1

[Event "Women's Speed Chess Q1"]
[Site "chess.com INT"]
[Date "2020.06.18"]
[Round "6"]
[White "Sakorenko, Adriana"]
[Black "Zvereva, Margarita"]
[Result "1-0"]
[WhiteTitle "WFM"]
[BlackTitle "WFM"]
[WhiteElo "2216"]
[BlackElo "1929"]
[WhiteFideId "34130249"]
[BlackFideId "34177741"]
[EventDate "2020.06.18"]

1. Nf3 d5 2. e3 Nf6 3. Be2 e6 4. O-O Bd6 5. b3 O-O 6. Bb2 b6 7. c4 Bb7 8. Nc3 c5
9. d4 a6 10. Rc1 Qe7 11. dxc5 bxc5 12. Na4 Nbd7 13. h3 Ne4 14. Nd2 Rad8 15. cxd5
exd5 16. Nxe4 dxe4 17. Qc2 Rc8 18. Rfd1 Ne5 19. Qc3 Ng6 20. Qxg7# 1-0

[Event "Women's Speed Chess Q1"]
[Site "chess.com INT"]
[Date "2020.06.18"]
[Round "6"]
[White "Shevtchenko, Olesya"]
[Black "Nikulina, Alena"]
[Result "1-0"]
[WhiteTitle "WFM"]
[BlackTitle "WFM"]
[WhiteElo "2054"]
[BlackElo "1887"]
[WhiteFideId "24131890"]
[BlackFideId "4172051"]
[EventDate "2020.06.18"]

1. e4 c5 2. Nf3 d6 3. d4 cxd4 4. Nxd4 Nf6 5. Nc3 a6 6. Nb3 e6 7. g4 Be7 8. g5
Nfd7 9. f4 b5 10. Bg2 Bb7 11. O-O Nc5 12. Be3 Nc6 13. a3 Rc8 14. Qh5 g6 15. Qh6
Bf8 16. Qh4 Bg7 17. Nxc5 dxc5 18. Rad1 Qe7 19. e5 O-O 20. Ne4 h6 21. Nf6+ Bxf6
22. gxf6 1-0

[Event "Women's Speed Chess Q1"]
[Site "chess.com INT"]
[Date "2020.06.18"]
[Round "6"]
[White "Sim, Jia Ru"]
[Black "Fernandez, Maria Florencia"]
[Result "0-1"]
[WhiteTitle "WCM"]
[BlackTitle "WIM"]
[WhiteElo "2005"]
[BlackElo "2229"]
[WhiteFideId "5716110"]
[BlackFideId "116459"]
[EventDate "2020.06.18"]

1. e4 d6 2. d4 Nf6 3. Nc3 g6 4. f4 Bg7 5. Nf3 O-O 6. Bd3 Nc6 7. a3 e5 8. d5 Ne7
9. O-O c6 10. fxe5 dxe5 11. Bc4 cxd5 12. exd5 Bg4 13. h3 Bxf3 14. Qxf3 Nf5 15.
Kh1 Nh5 16. Ne2 e4 17. Qf4 Nxf4 18. Bxf4 Rc8 19. Bb3 Bxb2 20. Ra2 Bg7 21. c4 Nd4
22. Nxd4 Bxd4 23. Bh6 Bg7 24. Be3 b6 25. a4 Qh4 26. a5 Qg3 27. Re2 Be5 28. Bg1 0-1

[Event "Women's Speed Chess Q1"]
[Site "chess.com INT"]
[Date "2020.06.18"]
[Round "6"]
[White "Borisova, Ekaterina"]
[Black "Afonasieva, Anna"]
[Result "0-1"]
[WhiteTitle "FM"]
[BlackTitle "WIM"]
[WhiteElo "2283"]
[BlackElo "2274"]
[WhiteFideId "34124184"]
[BlackFideId "24173606"]
[EventDate "2020.06.18"]

1. Nf3 d5 2. g3 Nf6 3. Bg2 Bf5 4. d3 e6 5. O-O h6 6. c4 c6 7. cxd5 cxd5 8. Nc3
Nc6 9. Qb3 Qb6 10. Qxb6 axb6 11. Nb5 O-O-O 12. Be3 Bc5 13. Nfd4 Nxd4 14. Bxd4
Bxd4 15. Nxd4 Bg6 16. Rfc1+ Kb8 17. Rc3 Rc8 18. Rb3 Nd7 19. Nb5 Rc2 20. Rb1 Rxe2
21. Nd4 Rd2 22. Bf1 Rc8 23. Nf3 Rdc2 24. Nd4 Rc1 25. Rxc1 Rxc1 26. Kg2 Nc5 27.
Ra3 Rd1 28. b4 Nxd3 29. Be2 Rd2 30. Bxd3 Rxd3 31. Rxd3 Bxd3 32. Kf3 Kc7 33. Ke3
Bc4 34. f4 Bxa2 35. g4 Bc4 36. h4 Kd6 37. g5 hxg5 38. hxg5 f6 39. gxf6 gxf6 40.
f5 e5 41. Ne6 d4+ 42. Ke4 Bxe6 43. fxe6 Kxe6 0-1

[Event "Women's Speed Chess Q1"]
[Site "chess.com INT"]
[Date "2020.06.18"]
[Round "6"]
[White "Efimenko, Maria"]
[Black "Palmero Martinez, Rachel"]
[Result "0-1"]
[WhiteTitle "WIM"]
[BlackTitle "WFM"]
[WhiteElo "2245"]
[BlackElo "2099"]
[WhiteFideId "14124327"]
[BlackFideId "3516466"]
[EventDate "2020.06.18"]

1. e4 e5 2. Nf3 Nc6 3. Bb5 a6 4. Ba4 Nf6 5. d3 b5 6. Bb3 Bc5 7. c3 O-O 8. O-O d6
9. h3 h6 10. Re1 Bb6 11. Nbd2 Be6 12. Bc2 Re8 13. a4 b4 14. Nf1 d5 15. Qe2 bxc3
16. bxc3 dxe4 17. dxe4 Qe7 18. Ne3 Qc5 19. Bb2 Nh5 20. Nd2 Nf4 21. Qf3 Qe7 22.
Qg3 Qf6 23. Nf5 Bxf5 24. exf5 Rad8 25. Re2 Nxe2+ 0-1